00352 2200145 4500001002100000005001500021035002000036245006300056300000800119260003300127082000800160084001200168990001300180990001300193INLIS00000000000257020250605120058 a0010-0625000156 aPercobaan - Percobaan yang Menakjubkan /cJanice Vancleave a119 aBandung :bPakar Raya,c2003 a600 a600 PER a04201002 a04201003